POLITICAL SCIENCE ICSSR RESEARCH SURVEYS (Record no. 23402)

MARC details
000 -LEADER
fixed length control field 00370nam a2200145Ia 4500
008 - FIXED-LENGTH DATA ELEMENTS--GENERAL INFORMATION
fixed length control field 240624s9999 xx 000 0 und d
041 ## - LANGUAGE CODE
Language code of text/sound track or separate title eng
082 ## - DEWEY DECIMAL CLASSIFICATION NUMBER
Classification number 320 ICS
100 ## - MAIN ENTRY--PERSONAL NAME
Personal name VANAIK ACHIN
245 ## - TITLE STATEMENT
Title POLITICAL SCIENCE ICSSR RESEARCH SURVEYS
260 ## - PUBLICATION, DISTRIBUTION, ETC.
Date of publication, distribution, etc. 2014
Place of publication, distribution, etc. New Delhi
Name of publisher, distributor, etc. Oxford India
300 ## - PHYSICAL DESCRIPTION
Extent xxxix, : 175 : p. : cm. ; 24
365 ## - TRADE PRICE
Currency code RS
Price amount 31
440 ## - SERIES STATEMENT/ADDED ENTRY--TITLE
Volume/sequential designation 2
Holdings
Withdrawn status Lost status Damaged status Not for loan Home library Current library Shelving location Date acquired Source of acquisition Cost, normal purchase price Full call number Barcode Date last seen Copy number Price effective from Koha item type
        IMTN IMTN Rack 5-B 10/07/2014 AP 3995.00 320 ICS 23402 06/24/2024 1 06/24/2024 Books
Designed & Maintained by: LRC IMT Nagpur Contact: lrc@imtnag.ac.in© 2024. All Rights Reserved.